| 000 | 01257nam a2200229Ia 4500 | ||
|---|---|---|---|
| 999 |
_c50907 _d50907 |
||
| 001 | 17862 | ||
| 003 | GE_BSU | ||
| 005 | 20200226150509.0 | ||
| 008 | 181216s2015 xx |||||||||||||| ||geo|| | ||
| 020 | _a 2298-0776 | ||
| 040 | _cGE_BSU | ||
| 041 | _ageo | ||
| 080 | _a94(479.223)(063) ს-24 | ||
| 245 |
_aსამხრეთ-დასავლეთი საქართველო (ისტორია, არქეოლოგია, ეთნოლოგია) V : _bსაერთაშორისო სამეცნიერო კონფერენციის მასალები / _cრედ. თ. ცინცქილაძე. |
||
| 264 |
_aთბილისი : _bუნივერსალი, _c2015. |
||
| 300 |
_a450 გვ. : _c20 სმ. |
||
| 653 | _aსაერთაშორისო სამეცნიერო კონფერენციის მასალები | ||
| 653 | _aსამხრეთ-დასავლეთი საქართველო (ისტორია, არქეოლოგია, ეთნოლოგია) | ||
| 653 | _aისტორია | ||
| 700 |
_aცინცქილაძე, თ _eრედაქტორი _94961 |
||
| 942 |
_cBK _2udc |
||